| 000 | 00549nam a2200181Ia 4500 | ||
|---|---|---|---|
| 008 | 240925s9999 xx 000 0 und d | ||
| 020 | _a135708133 | ||
| 082 | _a005.758 FAN | ||
| 100 | _aFang ,Walter - | ||
| 245 | 0 | _aVisual Age for Smalltalk and SOMobject: developing distributed object applications | |
| 250 | _aNA | ||
| 260 |
_aNew Jersey: _bPrintice- Hall Int. _c,1997. |
||
| 300 |
_ax,209p. _bNA _fOriginal |
||
| 500 | _aIncludes Index | ||
| 600 | _aComputer Science | ||
| 650 | _aComputer science, information & general works | ||
| 942 | _cBK | ||
| 999 |
_c5145 _d5145 |
||